000 00600nam a2200193Ia 4500
008 151119s9999||||xx |||||||||||||| ||und||
082 _a891.463
082 _bGKKV838
100 _aअष्टीकर मंदाकिनी
245 _aहे सूर वेदनांचे
260 _a--
260 _b--
260 _c0
600 _aअष्टीकर मंदाकिनी
630 _aहे सूर वेदनांचे
700 _aअष्टीकर मंदाकिनी
730 _aहे सूर वेदनांचे
942 _cBOOK
999 _c1057472
_d1057469